000 00374nam a2200145Ia 4500
008 230917s9999||||xx |||||||||||||| ||und||
040 _e104414
_aMAIN
041 _aEnglish
082 _a320.503 G231R
100 _aGaba, Om Perkash
245 0 _aRajniti- vichark visva kos
260 _aNew Delhi
_bNational Publishing hose
_c2001
300 _avii,289p p.
942 _cBK
999 _c119541
_d119541